000
00430nam a2200133Ia 4500
008
100328s9999 xx 000 0 und d
082
_b
62889
100
_a
दाभोलकर नरेंद्र.
245
_a
ठरल डोळस व्हायचय.
260
_b
छाया.
630
_a
ठरल डोळस व्हायचय.
730
_a
ठरल डोळस व्हायचय.
942
_c
BOOK
999
_c
548825
_d
548822